| 000 | 01207cam a22002898a 4500 | ||
|---|---|---|---|
| 001 | 16670055 | ||
| 005 | 20120105104509.0 | ||
| 008 | 110228s2011 nyu b 001 0 eng | ||
| 020 | _a9780321417534 (pbk.) | ||
| 040 |
_aDLC _cDLC |
||
| 082 | 0 | 0 |
_a333.7 _222 _bNAT |
| 245 | 0 | 0 |
_aNatural resource and environmental economics / _cRoger Perman ... [et al.]. |
| 250 | _a4th ed. | ||
| 260 |
_aNew York : _bPearson Addison Weslay, _c2011. |
||
| 300 |
_axxx, 712 p. : _bill. ; _c25 cm |
||
| 500 | _aPrev. ed. entered under author: Perman, Roger, 1949- | ||
| 504 | _aIncludes bibliographical references and index. | ||
| 650 | 0 |
_aEnvironmental economics. _928503 |
|
| 650 | 0 |
_aNatural resources _xManagement. _928504 |
|
| 650 | 0 |
_aSustainable development. _928505 |
|
| 653 |
_bEco _cJanuary2012 |
||
| 700 | 1 |
_aPerman, Roger, _d1949- _928506 |
|
| 700 | 1 |
_aPerman, Roger, _d1949- _tNatural resource and environmental economics. _928507 |
|
| 942 |
_2ddc _cBB |
||
| 999 |
_c16363 _d16363 |
||